000 00693nam a2200241 i 4500
001 8240
003 ES-MaACL
005 20250813062708.0
007 t|
008 920312s1987 sp ||||1| spa d
020 _a84-206-3181-7
080 _a82-392"11"
245 0 3 _aLa Búsqueda del Santo Grial /
_cintroducción y traducción de Carlos Alvar.
250 _a[1ª ed., reimp.].
260 _aMadrid :
_bAlianza,
_c1987.
300 _a263 p. ;
_c20 cm.
490 1 _aAlianza tres ;
_v181
650 1 7 _aLiteratura artúrica
_2embne
_914508
700 1 _aAlvar, Carlos.
_920579
830 0 0 _aAlianza tres
_v181
_9177344
852 _aES-MaACL
_jL-15559
_bR.119859
999 _c8240
_d8240